Представление документа в формате RUSMARC

ПолеНазваниеЗначение
  Тип записи a
  Библиографический уровень m
001 Контрольный номер RU/IS/BASE/545485568
005 Дата корректировки 20240209174723.0
010 Индекс ISBN __
d Цена 4 р. 00 к.
9 Тираж экз.
100 Данные общей обработки __
a Данные общей обработки 20170414d2017 ||| 0rusy0189 ca
101 Язык документа 0_
a Язык текста rus
102 Страна публикации __
a Страна публикации RU
105 Кодированные данные (монография) __
a Кодированные данные (монография) y###||||000|y
200 Заглавие и сведения об ответственности 1_
a Заглавие Избирательные стандарты в международном праве и их реализация в законодательстве Российской Федерациии
b Общее обозначение материала Текст
f Первые сведения об ответственности А. А. Вешняков
210 Выходные данные 1_
a Место издания Москва
c Издательство Весь мир
d Дата издания 1997
215 Физическое описание __
a Объем 183 с.
d Формат см.
300 Общие примечания __
a Общие примечания Ограничения по возрасту - 18+
300 Общие примечания __
a Общие примечания Под инв. номером 60690: Ц-1
606 Тематические рубрики 0_
a Основная рубрика Международное право
610 Ключевые слова 0_
a Ключевые слова международное право
a Ключевые слова избирательное право Российской Федерации
686 Индексы других классификаций __
a Классификационный индекс 67.412
2 Код системы ББК
700 Автор _0
a Фамилия Вешняков
b Имя (инициалы) Александр Альбертович
g Полное личное имя А. А.
801 Источник записи _0
a Страна RU
b Организация МБУК ЦБС
c Дата составления 20170414
g Правила каталогизации RCR
801 Источник записи _1
a Страна RU
b Организация МБУК ЦБС г. Ульяновска
c Дата составления 20170414
g Правила каталогизации RCR
899 Данные о местонахождении __
i Авторский знак В 40
j Расстановочный фильтр 67.4
901 Тип документа __
t Тип документа m
910 Корректоры записи __
a Корректор записи Скрипина